| 000 | 01204nam0a2200313 4500 | ||
|---|---|---|---|
| 001 | RU\NLR\bibl\96004 | ||
| 005 | 20260407064145.0 | ||
| 010 |
_a5-89194-049-3 _930000 |
||
| 021 |
_aRU _b2000-8611 _9435 |
||
| 035 | _a(NLR Aleph) 000093838 | ||
| 090 |
_a527418 _c527418 |
||
| 100 | _a20000705d2000 |||y0rusy50 ca | ||
| 101 | 0 | _arus | |
| 102 | _aRU | ||
| 105 | _ay ||||||||| | ||
| 200 | 1 |
_aДокументы в гражданско-правовых отношениях _f[Тихомиров М.Ю., к.ю.н., Оглоблина О.М.] |
|
| 210 |
_aМ. _cЮринформцентр _cТихомиров М.Ю. _d2000 |
||
| 215 |
_a695 с. _d21 |
||
| 606 | 0 |
_aГражданско-правовые документы _yРоссийская Федерация _92138574 _3RU\NLR\auth\661289273 |
|
| 686 | _aХ623.204 | ||
| 686 | _aХ623.14 | ||
| 700 | 1 |
_4070 _7ca _8rus _aТихомиров _bМ. Ю. _cканд. юрид. наук _gМихаил Юрьевич _9124036 _3RU\NLR\auth\7714363 |
|
| 701 | 1 |
_aОглоблина _bО. М. _4070 |
|
| 801 | 0 |
_aRU _bNLR _c20000705 _gPSBO |
|
| 801 | 1 |
_aRU _bNLR _c20000705 |
|
| 852 |
_aNLR _j2000-5/1504 |
||
| 942 | _cBOOK | ||
| 980 | _aNB | ||